Ecological achitecture / (Record no. 608013)

000 -LEADER
fixed length control field 01061cam a2200289 a 4500
001 - CONTROL NUMBER
control field 15835472
003 - CONTROL NUMBER IDENTIFIER
control field OSt
005 - DATE AND TIME OF LATEST TRANSACTION
control field 20240222112648.0
008 - FIXED-LENGTH DATA ELEMENTS--GENERAL INFORMATION
fixed length control field 090717s2009 gw a 001 0 eng
010 ## - LIBRARY OF CONGRESS CONTROL NUMBER
LC control number 2009496787
020 ## - INTERNATIONAL STANDARD BOOK NUMBER
International Standard Book Number 9783037680100
040 ## - CATALOGING SOURCE
Original cataloging agency DLC
Transcribing agency DLC
050 00 - LIBRARY OF CONGRESS CALL NUMBER
Classification number NA2542.35
Item number .U34 2009
082 ## - DEWEY DECIMAL CLASSIFICATION NUMBER
Classification number 720.47
Author Mark UFF
100 1# - MAIN ENTRY--PERSONAL NAME
Personal name Uffelen, Chris van.
9 (RLIN) 118865
245 10 - TITLE STATEMENT
Title Ecological achitecture /
Statement of responsibility, etc. Chris van Uffelen ; [translation, Alice Bayandin].
250 ## - EDITION STATEMENT
Edition statement 1st ed.
260 ## - PUBLICATION, DISTRIBUTION, ETC.
Place of publication, distribution, etc. [Berlin] :
Name of publisher, distributor, etc. Braun,
Date of publication, distribution, etc. 2009.
300 ## - PHYSICAL DESCRIPTION
Extent 439 p. :
Other physical details ill. (chiefly col.) ;
Dimensions 31 cm.
500 ## - GENERAL NOTE
General note Includes index.
650 #0 - SUBJECT ADDED ENTRY--TOPICAL TERM
Topical term or geographic name entry element Architecture
General subdivision Environmental aspects
Form subdivision Designs and plans.
9 (RLIN) 121071
650 #0 - SUBJECT ADDED ENTRY--TOPICAL TERM
Topical term or geographic name entry element Architecture, Modern
Chronological subdivision 21st century
Form subdivision Designs and plans.
9 (RLIN) 34345
906 ## - LOCAL DATA ELEMENT F, LDF (RLIN)
a 7
b cbc
c origres
d 3
e ncip
f 20
g y-gencatlg
942 ## - ADDED ENTRY ELEMENTS (KOHA)
Source of classification or shelving scheme
Koha item type Reference
Institution code [OBSOLETE] SADA
Call number prefix REF 720.47 UFF 2009
Holdings
Withdrawn status Lost status Source of classification or shelving scheme Damaged status Not for loan Permanent Location Current Location Date acquired Source of acquisition Full call number Barcode Date last seen Cost, replacement price Price effective from Koha item type
          School of Art Design and Architecture (SADA) School of Art Design and Architecture (SADA) 03/13/2017 Donation 720.47 UFF 2009 SADAD0000138 02/22/2024 8051.81 02/22/2024 Book
© 2023 Central Library, National University of Sciences and Technology. All Rights Reserved.